000 00572nam a22001937a 4500
001 00028162
005 20260211105144.0
008 260211b ag ||||| |||| 00| 0 spa d
022 _a03275574
040 _bspa
_cAR-CcCEOS
080 _a982Rosas
090 _bINS Nº27
100 2 _aInstituto de Investigaciones Históricas
_9454
245 _aRevista del instituto de investigación historicas :
_bJUAN MANUEL DE ROSAS : Nº 27
260 _aBuenos Aires :
_blibreria clasica,
_c1992.
300 _a160 p. ;
_c23x15 cm.
650 0 _ahistoria
942 _2udc
_cBK
999 _c28176
_d28176
945 _c66467
_dMelina Rolando